[Event "Poikovsky Karpov 11th"]
[Site "Poikovsky"]
[Date "2010.06.02"]
[Round "1"]
[White "Rublevsky, Sergei"]
[Black "Riazantsev, Alexander"]
[Result "0-1"]
[WhiteElo "2704"]
[BlackElo "2674"]
[Annotator "Erenburg,S"]
[PlyCount "112"]
[EventDate "2010.06.02"]
[EventType "tourn"]
[EventRounds "11"]
[EventCountry "RUS"]
[EventCategory "18"]
[SourceTitle "CBM 137"]
[Source "ChessBase"]
[SourceDate "2010.07.15"]
[SourceVersion "1"]
[SourceVersionDate "2010.07.15"]
[SourceQuality "1"]

1. e4 e6 2. d4 d5 3. Nd2 c5 4. Ngf3 cxd4 5. Nxd4 Nf6 6. exd5 Qxd5 {Black
prevents White's normal development by attacking the knight in the centre and
keeping an eye on the g2-pawn.} ({Otherwise, in the event of} 6... Nxd5 {
, White completes his development quite comfortably and gets a slight
advantage:} 7. N2f3 Be7 8. Bc4 Qc7 9. Qe2 a6 10. O-O Nb6 11. Bb3 O-O 12. Qe4
$14 {1-0 Timofeev,A (2661)-Ernst,S (2457)/Amsterdam 2005/CBM 107 ext (23)}) 7.
Nb5 {White has to play aggressively, since the normal} (7. N2f3 {does not
promise much:} Nc6 8. Nxc6 Qxc6 9. Bd3 Qc7 10. Bb5+ Bd7 11. Bxd7+ Nxd7 12. O-O
Bc5 $11 {1/2-1/2 Godena,M (2537)-Caruana,F (2652)/Reggio Emilia 2010/CB01_2010
(35)}) 7... Na6 8. c4 Qc6 {Black is determined to prevent the development of
White's kingside. Other continuations have proved to be insufficient for
equality:} (8... Qf5 9. Be2 Be7 10. O-O O-O 11. Nd4 Qc5 12. N2b3 Qe5 13. Bf3
Qc7 14. Qe2 Bd7 15. Be3 Rac8 16. Rac1 $14 {1/2-1/2 Howell,D (2593)-Ni Hua 
(2710)/Dresden 2008/CBM 128 (50)}) (8... Qe5+ 9. Be2 Bd7 10. O-O Bxb5 11. cxb5
Nc5 12. Bf3 Rd8 13. Nc4 Qc7 14. Qe2 Nd3 15. b3 Bc5 16. Bg5 O-O 17. Rad1 Nxf2
18. Rxf2 Rxd1+ 19. Qxd1 Bxf2+ 20. Kxf2 Qc5+ 21. Be3 Qxb5 22. a4 Qa6 23. Qd6 $14
{1-0 Wells,P (2494)-Volkov,S (2625)/Port Erin 2004/CBM 102 ext (55)}) (8... Qd8
9. Be2 Be7 10. O-O O-O 11. Nb3 e5 12. Be3 b6 13. Qc2 Bb7 14. Rad1 $14 {1-0
Ledger,A (2432)-Twyble,M (2231)/London 2001/EXT 2006 (24)}) 9. a3 {[%cal Yb2b4,
Yc1b2] White covers the b4-square and prepares the fianchetto of his
dark-squared bishop. Interestingly enough, in the preceding game Rublevsky
preferred} (9. Nf3 {, but after} Bb4+ 10. Bd2 O-O 11. Bxb4 Nxb4 12. Be2 a6 13.
Nc3 Qc7 14. O-O b6 $6 {Black could have equalised with 14...Bd7:} (14... Bd7
15. Qb3 Nc6 16. Rfd1 Rfd8 $11) 15. Qb3 {Now the b6 pawn is a weakness.} Nc6 16.
Rfd1 Rb8 (16... Na5 17. Qb4 Bb7 18. Qd6 $14 (18. Na4 Rab8)) (16... Bb7 17. Na4
b5 18. Nc5 Na5 19. Qb4 bxc4 (19... Nc6 20. Qc3 $14) 20. Nxb7 $14) 17. Rac1 Ne7
18. Qa3 $1 Ng6 19. Qd6 $14 {1-0 Rublevsky,S (2697)-Lysyj,I (2615)/Dagomys 2010/
CB14_2010 (39)}) 9... Be7 ({The alternative} 9... Nc7 {seems to be inferior,
since Black's knight on c7 is misplaced after} 10. Nc3 $1 Bd7 11. Nf3 {[%cal
Yf3e5]} Ne4 12. Nxe4 Qxe4+ 13. Be3 Bc6 14. h3 Rd8 15. Qxd8+ $1 Kxd8 16. O-O-O+
Kc8 (16... Bd7 17. Bd3 (17. Rxd7+ Kxd7 18. Bd3 Qxe3+ $11) 17... Qc6 18. Ne5 $14
) 17. Bd3 Qxf3 18. gxf3 Bxf3 19. Bxa7 $16 {1-0 Godena,M (2537)-Zhou Weiqi 
(2433)/Moscow 2006/EXT 2007 (40)}) 10. b4 O-O 11. Bb2 (11. Qf3 {is met by} Nb8
$1 {[%cal Ya7a5] , and Black is just fine:} 12. Rb1 a5 13. bxa5 Qxf3 14. Nxf3
Rxa5 $11 {0-1 McShane,L (2615)-Ni Hua (2665)/London 2009/CB00_2010 (80)}) ({
Black seems to be Ok after} 11. Nd4 {as well:} Qd7 12. N2f3 $6 (12. Bb2 $5 e5
13. Nb5 Nc7 $11) 12... e5 $2 ({Better is} 12... Rd8 $1 13. Bb2 (13. Bf4 Nh5 {
[%cal Ye7f6]}) 13... Nxb4 $1 14. axb4 Bxb4+ 15. Ke2 e5 $40) 13. Nxe5 Qe8 14. f4
Ng4 15. Be2 Nxe5 16. fxe5 Bh4+ 17. g3 Qxe5 18. gxh4 Bg4 19. Bb2 $18 {1-0
Avrukh,B (2591)-Zifroni,D (2540)/Israel 2002/CBM 089 (50)}) 11... Rd8 12. Qc2 (
12. Qf3 Nb8 $1 13. Qc3 a5 14. Nd4 Qd7 15. b5 Qd6 $1 {[%cal Yb8d7,Yd7c5]} 16.
Be2 Nbd7 17. N4b3 a4 18. Ne4 Qf4 19. Nbd2 Nc5 $15 {0-1 Grekh,A (2362)-Vysochin,
S (2514)/Lipetsk 2008/CBM 125 Extra (32)}) 12... Nb8 $1 {This is the only good
square for the knight. Black is preparing the a7-a5 advance in order to
jeopardise White's pawns on the queenside.} 13. Nd4 {Driving away the queen
from the long diagonal, which enables White to complete the development of his
kingside.} (13. Nf3 {is not dangerous for Black, in view of} a5 14. Ne5 Qe4+
15. Qxe4 Nxe4 16. Nc7 Ra7 $11 {[%cal Yb7b6]}) 13... Qc7 14. Be2 a5 $1 $146 {
Riazantsev attacks White's pawns immediately, which forces White to give up on
the c5 outpost.} ({The ideal position for the queenside knight is the
c5-square. It is somewhat misplaced on c6 after} 14... Nc6 15. N4f3 $1 {
White has a space advantage, so he keeps as many pieces as possible on the
board.} e5 16. O-O (16. b5 Nd4 17. Nxd4 exd4) 16... Bg4 $6 (16... Be6 17. b5
Nd4 18. Nxd4 exd4 19. Nb3 $14) 17. Rfe1 Bh5 $2 18. Nxe5 Nxe5 19. Bxe5 Qxe5 20.
Bxh5 $16 {1-0 Kolev,A (2571)-Antic,D (2503)/Plovdiv 2010/CB05_2010 (37)}) 15.
b5 {White was forced to weaken the dark squares on the queenside, since any
other continuation leads to Black's advantage:} (15. O-O axb4 16. axb4 Rxa1 17.
Rxa1 Bxb4 18. Nb5 Qf4 $17) (15. c5 axb4 16. axb4 Rxa1+ 17. Bxa1 Nd5 18. O-O
Nxb4 19. Qb2 Bf6 20. Qxb4 Bxd4 $17) (15. bxa5 Rxa5 16. O-O Bd7 $15) 15... a4 $1
{[%cal Yb8d7,Yd7c5] Fixing White's a3-pawn and grabbing the b3-square.} 16. O-O
Nbd7 17. Rad1 Nc5 $11 {Black has solved all his opening problems. He has the
superior pawn structure and his pieces are more active than White's ones. In
fact, the only drawback in Black's position is his light-squared bishop. Thus,
in the long run White's position is somewhat dangerous, since once Black
develops his bishop, White will simply be worse.} 18. N4f3 $5 {[%cal Yf3e5,
Yf3g5] It is quite difficult to give concrete advice or to suggest a plan for
White, since Black does not have weaknesses at all. What seems to be a good
strategy is to keep all the pieces on the board and try to create some threats
on the kingside.} Nfd7 $1 {[%cal Yf7f6] Parrying White's threats. In addition,
Black intends to limit the possibilities of White's dark-squared bishop.} (
18... Bd7 {would be met by} 19. Ng5 {, which would force Black to weaken his
kingside.}) 19. Ne4 f6 $1 20. Rfe1 $6 {Allowing Black to exchange a couple of
knights and rooks. Since White has a space advantage, it is in his favour to
keep as many pieces as possible on the board, and keep the tension. From now
on, White's position could be characterised as an easy slide into a lot of
trouble. In fact, it is not easy to spot any obvious mistake, so Black should
be credited for gradually and consistently improving his position.} ({I'll
take a shot at suggesting that} 20. Nd4 {was better. Now it is not easy for
Black to exchange anything and complete the development.} g6 (20... Nxe4 $4 21.
Nxe6) (20... Nf8 {would have been an achievement for White, since this knight
is not going to substitute for its colleague on c5 soon.}) 21. f4 $13) 20...
Nxe4 21. Qxe4 Nc5 22. Rxd8+ Qxd8 23. Qc2 $6 {Here White's queen is misplaced,
since it will be attacked by Black's light-squared bishop from g6.} (23. Qe3 {
was more to the point.} Bd7 {[%cal Yd7e8]} 24. h4 {and even though Black is
positionally better, White has some chance to develop an initiative on the
kingside.}) 23... Bd7 $15 {[%cal Yd7e8,Ye8g6] It is time to admit that Black's
strategy worked excellent! The development is pretty much completed and all
Black's pieces are more active than their counterparts.} 24. Bc3 {Transferring
the bishop to b4. White should seek the exchange of the knights, but it simply
does not work out. The more active attempts by White to complicate the game
are easily parried:} (24. Nd4 e5 $1 25. Nf5 $2 (25. Nf3 $142 $15) 25... Bxf5
26. Qxf5 Qd2 27. Qb1 Rd8 $15 28. Bf3 e4 29. Rd1 (29. Bxe4 Nxe4 30. Qxe4 Bc5 $19
) 29... Qa5 $17) (24. Rd1 Qc7 25. Nd4 Be8 $1 $15) (24. Nd2 Be8 $15) 24... Be8
25. Bb4 Bg6 26. Qb2 $6 {White's queen is simply misplaced on b2.} ({The least
of the evils} 26. Qc1 {was to admit the mistake made on the 23rd move.} Qc7 27.
Qe3 $15) 26... Qc7 27. Rd1 Rd8 {Now White has to give up on the d-file.} 28.
Rxd8+ Qxd8 $17 {Black's advantage has grown into an obvious one. Black's
active pieces and White's weaknesses on the kingside make White's position
very unpleasant.} 29. Qc3 ({Unfortunately for White, the trade of the queens
does not make his life any easier:} 29. Qd4 Qxd4 $1 30. Nxd4 Kf7 31. Bf3 Bd3
$17) 29... e5 30. Qe3 b6 31. h3 Bf8 {A good prophylactic move, the idea of
which is to keep the bishop protected. In addition, once White's knight
occupies the f5 spot, Black will not have to waste time on moving the bishop
away.} 32. Nh4 {[%cal Ye2f3] Preparing the long diagonal for the bishop.} Bf7 {
[%csl Rb5,Rc4]} 33. Nf5 ({The waiting strategy does not pay off either:} 33.
Nf3 Nb3 34. Bxf8 Kxf8 $17) 33... Be6 34. g4 Nb3 {Intending to occupy the
central d4-square.} ({Black could have deferred the decisive actions until
after the 40-th move by playing} 34... Kf7 $5 $17 {and gradually improving his
position.}) 35. Bxf8 Kxf8 36. Qe4 Nc5 $1 {Driving away the queen from its
active position.} 37. Qc6 Bxf5 38. gxf5 g6 39. fxg6 hxg6 40. Bf3 $2 {This is
too slow. White had to attack Black's pawns right away with} (40. h4 $1 Kg7 41.
h5 gxh5 42. Bxh5 e4 $17) 40... Kg7 41. Bd5 ({Now} 41. h4 {is too late:} f5 42.
h5 gxh5 43. Bxh5 Qg5+ 44. Qg2 Kf6 $17 {/-+}) 41... f5 $19 {White's position
has become lost. Black's plan is extremely simple: activate his knight and
then bring the queen into the attack on White's monarch. It should be noted
that the trade of the queens leads to a hopeless endgame for White.} 42. Kf1 (
42. Qa8 Qxa8 (42... Qf6 {is less convincing:} 43. Bc6 $1 e4 44. Qa7+ Kh6 45.
Qxb6 Qg5+ $11) 43. Bxa8 Kf6 $19) 42... e4 43. Ke2 Nb3 $1 {[%cal Yb3d4]} 44.
Qb7+ Kh6 45. Qf7 Qd6 {Now it is time for the queen to join the party!} 46. Qg8
Qf6 47. Qb8 Nc1+ 48. Kf1 Nd3 {That's it. White has no chance to neutralise
Black's activity. The rest needs no comment.} 49. h4 Qa1+ 50. Kg2 Ne1+ 51. Kg3
Qxa3+ 52. Kf4 Qc3 53. Qf8+ Kh5 54. f3 Ng2+ 55. Kg3 Qxf3+ 56. Kh2 Nf4 0-1

[Event "Podolsk"]
[Site "Podolsk"]
[Date "1992.??.??"]
[Round "?"]
[White "Tiviakov, Sergei"]
[Black "Dreev, Alexey"]
[Result "0-1"]
[WhiteElo "2585"]
[BlackElo "2590"]
[Annotator "Ernst,T"]
[PlyCount "90"]
[EventDate "1992.12.??"]
[EventType "tourn"]
[EventRounds "11"]
[EventCountry "RUS"]
[EventCategory "11"]
[SourceTitle "CBM 033"]
[Source "ChessBase"]
[SourceDate "1993.04.01"]
[SourceVersion "1"]
[SourceVersionDate "1993.04.01"]
[SourceQuality "1"]

1. e4 e6 2. d4 d5 3. Nd2 c5 4. exd5 Qxd5 5. Ngf3 cxd4 6. Bc4 Qd6 7. O-O Nf6 8.
Nb3 Nc6 9. Nbxd4 Nxd4 10. Nxd4 a6 11. b3 (11. c3 Qc7 12. Qe2 Bd6 13. h3 O-O 14.
Bb3 (14. Bg5 Kh8 15. Rad1 Bh2+ 16. Kh1 Bf4 17. Bxf4 Qxf4 18. Nf3 b5 19. Rd4 Qc7
20. Bb3 Bb7 21. Rfd1 Bd5 22. Ne5 Qb7 23. Bxd5 Nxd5 24. Ng4 Rac8 25. Ne3 Nf6 26.
Ng4 Nd5 27. Ne3 Nf6 28. Kg1 Kg8 29. Ng4 Nd5 30. Ne3 Nf6 31. Rd6 {Spasov,
V-Akopian,V/Debrecen EU-chT/1992/1-0/60/ TD 1992/12}) 14... b5 15. Bg5 Bb7 16.
Rad1 Ne4 17. Bc1 Rae8 18. a4 b4 19. cxb4 Bxb4 20. Be3 Qa5 21. Nf3 Nf6 22. Bd4
Qh5 23. Bxf6 gxf6 24. Qc4 Bxf3 25. gxf3 Qxh3 26. Qg4+ Qxg4+ 27. fxg4 Rc8 28.
Rd7 Rfd8 29. Rxd8+ Rxd8 30. Rd1 Rc8 31. Kg2 {Xie Jun-Psakhis,L/Moscow Alekhine
op/1992/0-1/68/ CBM 33}) (11. Bb3 Qc7 12. Re1 Bd6 (12... Bd7 13. Bg5 O-O-O 14.
c3 Bd6 15. Bxf6 gxf6 16. Qh5 Rdf8 17. g3 Qc5 18. Bd1 Rhg8 19. Qxh7 f5 20. Bf3
Rh8 21. Qg7 f4 22. Nb3 Qc7 23. Re2 fxg3 24. fxg3 Rfg8 25. Qf6 Bxg3 26. hxg3
Qxg3+ 27. Rg2 Qh2+ 28. Kf2 Rxg2+ 29. Bxg2 Rg8 30. Rg1 Rg4 31. Qe7 {Kotronias,
V-Kramnik,V/Chalkidiki (04)/1992/0-1/40/ CBM 32}) 13. Nf5 Bxh2+ 14. Kh1 O-O 15.
Nxg7 Rd8 16. Qf3 Kxg7 17. g3 b5 18. Kxh2 (18. Bf4 Bb7 19. Bxc7 Bxf3+ 20. Kxh2
Ng4+ 21. Kg1 Rd2 22. Rf1 Rc8 {Ye Rongguang-Dolmatov,S/Moscow Alekhine op/1992/
0-1/}) 18... Bb7 19. Qf4 Qc6 20. Rg1 Rd1 21. Be3 Rxa1 22. Qh6+ Kg8 23. Qg5+ Kf8
24. Qc5+ Ke8 25. Qxc6+ Bxc6 26. Rxa1 Ng4+ 27. Kh3 Nxe3 28. fxe3 Rd8 29. a4 b4
30. Bc4 a5 31. Bb5 {Wolff,P-Gulko,B/USA-ch/1992/0-1/53/ TD 1992/ 05}) 11... Qc7
12. Bb2 Bd6 13. h3 O-O 14. a4 $6 (14. Qf3 $142) 14... e5 $1 15. Nf3 e4 16. Nd4
(16. Ng5 Be5 17. Ba3 b5 $1) 16... Bd7 17. Qe2 Rae8 18. Bc1 (18. Rad1 e3 19.
fxe3 Bh2+ 20. Kh1 Ne4 $19) 18... Qa5 $1 (18... Qc5 19. Ba3 $1 Qxd4 20. Rad1 $1)
19. Rd1 $1 Qe5 20. g3 Nh5 (20... Bxh3 $2 21. Bf4 Qc5 22. Bxd6 Qxd6 23. Ne6 $1)
21. Qf1 Bc5 22. c3 (22. Be3 $2 Nxg3) 22... Kh8 (22... Nxg3 23. fxg3 Qxg3+ 24.
Qg2 Qxc3 25. Bb2 Qxh3 $13) (22... b5 $1) 23. Qg2 f5 24. Ne2 Bc6 25. Bf4 Nxf4
26. gxf4 Qc7 27. Bd5 Rf6 28. Kh1 Rg6 (28... Qb6 $5) 29. Qf1 Bd6 (29... Qb6 $2
30. Bf7) 30. Bxc6 Qxc6 31. c4 Qb6 32. Rd5 Qxb3 33. Nd4 Qc3 34. Rc1 Qd3 35. Qxd3
exd3 36. Rd1 d2 37. Nf3 Bxf4 38. Rxf5 Rf6 39. Rd5 h6 40. Nxd2 Re2 41. Kg1 Bg5
42. f3 Be3+ 43. Kh1 Rg6 44. Rd3 Bf4 45. Nf1 Reg2 0-1

[Event "Gibraltar Masters 10th"]
[Site "Caleta"]
[Date "2012.01.26"]
[Round "3"]
[White "Adams, Michael"]
[Black "Fridman, Daniel"]
[Result "1-0"]
[WhiteElo "2724"]
[BlackElo "2660"]
[Annotator "Fridman,D"]
[PlyCount "105"]
[EventDate "2012.01.24"]
[EventType "swiss"]
[EventRounds "10"]
[EventCountry "GGB"]
[SourceTitle "CBM 147"]
[Source "ChessBase"]
[SourceDate "2012.03.16"]
[SourceVersion "1"]
[SourceVersionDate "2012.03.16"]
[SourceQuality "1"]

1. e4 {Likavsky,T} e6 2. d4 d5 3. Nd2 c5 4. Ngf3 cxd4 5. exd5 Qxd5 6. Bc4 Qd7 {
Likavsky,T: 'This move is gaining in popularity. The idea is to free the way
for the Bf8 to go to d6 or c5 or even b4, if we compare the main line here 6...
Qd6.'} ({And there is a difference with} 6... Qd8 {Likavsky,T} 7. O-O Nc6 8.
Nb3 Nf6 9. Nbxd4 Bc5 10. Nxc6 $1 {The black queen can not recapture on c6 from
d8. On the contrary from d7 yes! Please see the game Caruana-Shirov below
after 9.Nbxd4.}) ({It's quite possible, that Black wanted to get his opponent
out of his plan, which is:} 6... Qd6 {Likavsky,T} 7. Qe2 {Michael's favourite
move here.} Nf6 8. Nb3 Nc6 9. Bg5 {[%csl Rd6][%cal Rf8b4] Now, if the black
queen were on d7, ...Bb4+ is strong.}) 7. O-O Nc6 8. Nb3 Nf6 9. Qe2 {Likavsky,
T: 'Hoping I am not wrong White would like to take on d4 under better
circumstances.'} ({A more popular line is} 9. Nbxd4 Bc5 10. Nxc6 Qxc6 11. Ne5
Qb6 $14 12. Qe2 O-O {, which was seen , in particluar, in the game
Antoms-Fridman, played in Riga three weeks later:} 13. Bg5 Nd7 14. Nd3 Bd4 15.
Rad1 Qc6 16. Bb3 b5 17. Be7 Re8 18. Nb4 Qb6 19. Qe4 Bb7 20. Qxd4 Rxe7 21. Qd6
Qxd6 22. Rxd6 a5 $19 {0-1 (47) Antoms,G (2395)-Fridman,D (2660) Jurmala 2012})
(9. Bf4 {Likavsky,T; looks pretty harmless:} Bd6 $1 10. Bxd6 Qxd6 $11 11. Nbxd4
Nxd4 12. Qxd4 Qxd4 13. Nxd4 Bd7 14. Rfd1 Rc8 15. Bb3 Ke7 16. c3 Rc5 17. Rd2 Rb8
{1/2 Movsesian,S (2723)-Vallejo Pons,F (2697)/Reggio Emilia 2011/CBM 140}) 9...
a6 10. a4 Bd6 11. Bg5 ({No particular dividends come from} 11. Rd1 {does not
achieve much:} e5 12. Nbxd4 Nxd4 13. Nxd4 Qe7 14. Nb3 {Likavsky,T:} e4 15. Bg5
Qe5 16. f4 exf3 17. Qxe5+ Bxe5 18. Re1 f2+ $1 19. Kxf2 O-O $1 20. h3 (20. Rxe5
$4 Ng4+) 20... Bxb2 $15 {0-1 Abergel,T (2504)-Cornette,M (2568)/Caen 2011/CBM
144 Extra (60)}) 11... O-O $146 ({The text tests the opponent's idea.
Previously, Black had played the more cautious} 11... Qc7) 12. Bxf6 gxf6 13.
Nbxd4 ({There is no time for} 13. Rad1 {Likavsky,T} e5 $1 {[%csl Yc6,Yc8,Re4,
Rf5][%cal Yc6e7,Yc8f5,Gc4d3,Gf3h4,Gh4f5,Yf6f5] Black has sufficient resources
to cover the weakened light squares.}) 13... Nxd4 14. Nxd4 Bxh2+ ({A quieter
move is} 14... Qc7 {, not losing control of the square a3.} 15. Qg4+ {Likavsky,
T} (15. Rfd1 $5 {Likavsky,T} Bxh2+ $5 (15... Bd7) 16. Kh1 Bf4 17. Ra3 $44) (15.
Rad1 {Likavsky,T} Bd7 (15... Bxh2+ $5 16. Kh1 Bf4 {[%cal Gf4g5,Gf4h6,Gh6g7]})
16. Bxe6 (16. Qg4+ Kh8 17. Qh4 Rg8 $1 (17... Qxc4 $2 18. Qxf6+ Kg8 19. Nf3 {
[%cal Gd1d4,Gd1d6,Gd4g4]}) 18. Qxf6+ Rg7 19. Nf3 Bxa4 $11) 16... fxe6 17. Nxe6
Bxh2+ 18. Kh1 Bxe6 19. Qxe6+ Rf7 20. g3 Qc8 $11) 15... Kh8 16. Qh4 (16. Nf3 Rg8
$1) 16... Qxc4 (16... Be7 $5) (16... Rg8 $2 17. Qxf6+ Rg7 18. Nf3 Qxc4 $2 19.
Qd8+ Rg8 20. Qxd6) 17. Qxf6+ Kg8 18. Qg5+ $11) 15. Kxh2 Qxd4 {[%cal Ya1a3,
Ya3h3,Ye2h5]} 16. Ra3 Kh8 ({The attempt to run the king towards the centre is
not convincing:} 16... Rd8 17. Kg1 f5 18. Rg3+ Kf8 19. Rd3 Qf6 20. Rfd1 Rxd3
21. Qxd3 e5 22. Qa3+ Kg8 23. Rd6 Be6 24. Bxe6 fxe6 25. Qb3 {, regaining the
pawn, with the better piece position.}) ({Nor can Black reach an ending,
without spoiling his pawn position:} 16... Qe5+ 17. Rg3+ Kh8 18. Qg4 Qg5 19.
Qf3 Qf5 20. Qxf5 exf5 21. Rd1 $16) 17. Rg3 $1 Qh4+ $2 {Likavsky,T: 'A waste of
time. With a huge choice of moves it's not easy to find the right one.'} (17...
f5 18. Qh5 Qf6 ({The bishop is untouchable, both now and after} 18... f4 19.
Rg5) 19. Rh1 Rg8 20. Qxh7+ $1 Kxh7 21. Kg1+ Qh6 22. Rxh6+ Kxh6 23. Rxg8 b6 24.
Be2 e5 25. Bc4 $18) ({Correct is} 17... Qf4 {Likavsky,T} 18. Rd1 $1 (18. Qh5
Bd7 $1 19. Bd3 f5 20. Rh1 Rg8 21. Kg1 Rg7 22. Rxg7 Kxg7 23. Qxh7+ Kf6 $11)
18... Rg8 (18... e5 $5 19. Bxf7 Bf5) 19. Qe3 Qh4+ 20. Kg1 Rxg3 21. Qxg3 $2 Qxg3
22. fxg3 b6 23. Rd8+ Kg7 24. Be2 Bb7 25. Rxa8 Bxa8 26. Bxa6 $11) 18. Rh3 Qf4+
19. g3 Qe5 20. Qd2 Qg5 21. f4 (21. Qd6 {was more precise,} Qg7 $140 (21... Kg8
{Likavsky,T} 22. Rh4 (22. Kg2 $6 b5) (22. Rxh7 Bd7 $1 23. Rh4 Bc6) 22... e5 {
[%cal Gc8f5]}) 22. Bd3 f5 23. Kg2 $40) 21... Qg7 22. a5 $1 {[%csl Ra6,Rb7] An
important move, otherwise Black can activate his pieces by means of 22...b5} e5
23. f5 Qg5 24. Qxg5 fxg5 25. g4 Bd7 26. Kg3 {Likavsky,T: 'Even in the endgame
White can attack the black king.'} Bc6 27. f6 ({After} 27. Rf2 Kg7 $8 28. f6+
Kg6 29. Rfh2 Kxf6 30. Rxh7 e4 {Black is out of danger.}) 27... Be4 28. Bd3 (28.
Rh5 Rac8 29. Bb3 Bg6 30. Rxg5 Rc5 $13) 28... Bxd3 29. cxd3 Rad8 {Likavsky,T:
'After the last sequence of moves it looks like Black is more or less ok, but
the further course of the game shows that he is not.'} 30. Kf2 Rd4 31. Rfh1
Rf4+ 32. Ke3 Rxf6 33. Rxh7+ Kg8 34. Rh8+ Kg7 35. R1h7+ Kg6 36. Rh6+ Kg7 {
A rare position for the rooks, in a practical game!} 37. R8h7+ Kg8 38. Rh8+ Kg7
39. R8h7+ Kg8 40. Rxf6 Kxh7 41. Ke4 {Likavsky,T: 'Black is very happy with
having exchanged one pair of rooks and the terrific f6P. And he is still a
pawn up. However, his problems are still very serious due to the colossal
activity of both white pieces.'} Kg7 42. Rd6 {A solid move. Before regaining
his pawn, White strengthens his position to the maximum.} ({If} 42. Rb6 Rd8 43.
Rxb7 Rd4+ 44. Kxe5 Rxg4 {Black obtains counterplay.} 45. d4 ({or} 45. b4 Rf4)
45... Rg1 46. d5 g4 47. b4 {(the threat was 47...g3 followed by 48...Ra1)} g3
48. Kf4 g2 49. Kf3 Kf6 $11) 42... Re8 43. Kf5 Re7 44. b4 ({But not} 44. Kxg5 $2
e4 $11) 44... Re8 45. Rd7 Rb8 46. Rd6 (46. Kxe5 b6 47. Rd5 ({Here} 47. b5 {
is not dangerous:} axb5 48. a6 Ra8 49. a7 b4 50. Kd4 b5 $11) 47... bxa5 48.
bxa5 Rb1 49. Kf5 Rf1+ 50. Kxg5 f6+ 51. Kh4 Ra1 {, and it is extremely
difficult to realise the extra pawn.}) 46... Re8 47. Rd7 Rb8 48. Rd5 b6 $2 {
Thinking he is transposing into the position from the previous note.} (48...
Re8 49. Rd6 Re7 {retains the status-quo. Possible then is} 50. Rb6 Rd7 51. Kxe5
Rxd3 52. Rxb7 Rf3 {, and Black retains chances of a satisfactory outcome.}) 49.
b5 $1 Ra8 50. axb6 a5 51. Kxe5 a4 52. Kd6 a3 53. Rxg5+ 1-0